01872cam a22004574i 4500003000900000005001700009008004100026020001500067035002700082040003300109049000900142082002100151100002400172245005300196264003200249300003800281336002100319337002500340338002300365505036200388526001000750526001000760526001000770526001000780526000800790526000800798526000800806526000800814526000800822526000800830526000800838650001800846910002800864942001400892949012400906994001401030596000601044999015301050980005501203952015601258PE-LiUPU20250731172917.0150617s r 000 0 d a0912552271 a(Sirsi) i9780912552279 aPE-LiUPUbspacPE-LiUPUerda aPRUA04a266.023bM322211 aMcCurry, M,eautor.10aWorld Christianity :bMiddle East /cM. McCurry. 1aCalifornia :bMARC,c1979. a144 páginas ;c28 centímetros atext2rdacontent aunmediated2rdamedia avolume2rdacarrier0 aStatus of Christianity country profiles -- Bahrain -- Cyprus -- Iran -- Iraq -- Israel -- jordan -- Kuwait -- Lebanon -- Oman -- People's democratic republic of yemen -- Qatar -- Saudi Arabia -- Syria -- Turkey -- United Arab Emirates -- Yemen Arab Republic -- Unreached peoples -- People of the middle east -- Unreached people listing -- Unreached peoples. aSEG42 aSEG41 aSEG40 aSEG39 aP94 aP87 aP86 aP85 aP77 aP76 aP3504aCristianismo. ajckbjvqcjckd20150616 2ddccBOOK a266.023 M32wDEWEYc1i19217lCCODEBUL1mBULr0sYtBOOKu2015-6-17xTEOLOGIAPP350COMPRAo.STAFF. Colección General aC0bPEPRU a1 a266.023 M32wDEWEYc18700i19217d18700f2021-11-12g5lCCODEBUL1mBULq2r0sYtBOOKu2015-6-17xTEOLOGIAPP350COMPRAo.STAFF. Colección General 81gALBERTO SANCHEZ Responsable de Automatización r2025-12-02 00:00:00i6l0o266.023 M32p19217te1w2015-06-17xFTyBKzinventario-2023-12-13102ddc50708GENfP35aBULbBULcGENd2015-06-17eCOMPRA